| 000 | 00591nac a22001811u 4500 | ||
|---|---|---|---|
| 008 | 100906s1989 ii |||||r|||| 00| 0 eng d | ||
| 010 | _a89017293 | ||
| 020 | _a0130109681 | ||
| 020 | _a8170291224 | ||
| 082 | 0 | 0 |
_a005.262 _bH629 _222 |
| 100 |
_aHolzner, Steven. _918379 |
||
| 245 | 1 | 0 |
_aC with assembly language / _cSteven Holzner. |
| 260 |
_aNew Delhi : _bBPB Publications, _c[c1989]. |
||
| 300 |
_ax, 436 p. : _bill. ; _c24 cm. |
||
| 650 | 0 |
_aC (Computer program language) _918380 |
|
| 650 | 0 |
_aAssembler language (Computer program language) _918381 |
|
| 942 |
_cBB _k005.262H629 _2ddc |
||
| 999 |
_c480 _d480 |
||